| 000 | 00000nam##2200000za#4500 |
| 001 | 9.569822 |
| 003 | CaOODSP |
| 005 | 20210624181941 |
| 007 | cr ||||||||||| |
| 008 | 150406|2005||||xxc|||||o f|0| 0 eng|d |
| 040 | |aCaOODSP|beng |
| 043 | |an-cn--- |
| 086 | 1 |aNH18-1/267-1-2005E-PDF |
| 110 | 2 |aCanada Mortgage and Housing Corporation. |
| 245 | 12|aA framework for cost-benefit analysis of HASI and RRAP-D : |h[electronic resource]|bfinal research report, volume 1 / |cprepared by Kenneth Watson and Anne Perkins. |
| 260 | |aOttawa - Ontario : |bCanada Mortgage and Housing Corporation |c2005. |
| 300 | |a93p.|bfigs., glossary, tables |
| 490 | 1 |aResearch report |
| 546 | |a(Résumé en français.) |
| 590 | |a12-28-Supp|b2012-06-15 |
| 720 | 1 |aWatson, Kenneth |
| 720 | 1 |aPerkins, Anne |
| 830 | #0|aResearch report (Canada Mortgage and Housing Corporation : Online)|w(CaOODSP)9.506068 |
| 856 | 40|ahttp://publications.gc.ca|qPDF|s6 MB|uhttps://publications.gc.ca/collections/collection_2011/schl-cmhc/nh18-1/NH18-1-267-1-2005-eng.pdf |